| 000 | 00626nam a2200205 i 4500 | ||
|---|---|---|---|
| 001 | bg | ||
| 100 | 1 | _aGOLDBERG, Adele | |
| 245 | 0 |
_aSmalltalk-80 : _bthe interactive programming environment / _cAdele Goldberg. |
|
| 260 |
_aReading, Massachusetts : _bAddison-Wesley Publ. Co, _c1984. |
||
| 300 |
_aXI, 516 s. : _brys. ; _c24 cm. |
||
| 490 | 1 | _aAddison-Wesley Series in Computer Science | |
| 830 | _aAddison-Wesley Series in Computer Science | ||
| 020 | _a02011137724 | ||
| 040 | _cBPK | ||
| 041 | _apol | ||
| 080 | _a681.322.06 | ||
| 920 | _a0-201-113772-4 | ||
| 942 | _cKS | ||
| 008 | s pl f |000 0 pol | ||
| 999 |
_c23885 _d23885 |
||
| 856 |
_uhttp://koha.tu.koszalin.pl/cgi-bin/koha/opac-detail.pl?biblionumber=23885 _yKatalog online BPK |
||